00433nam a2200121Ia 45000010005000000080041000050820023000461000100000692450073001692600027002429010027002699990015002962346241024s9999 xx 000 0 und d aRD/920.07293/C755r aRepública Dominicana. Consejo Nacional para las comunidades dominicanas en el exterior CONDEX 0aReconocimiento a 100 dominicanos presentes destacados en el exterior bMistli gráficac2012 a10/8/2012 3:34:29 p.m. c7680d7680